[Event "Olympiad w"]
[Site "Bled SLO"]
[Date "2002.11.01"]
[Round "7"]
[White "Paridar,S"]
[Black "Johansson,V"]
[Result "1-0"]
[WhiteElo "2132"]
[BlackElo "2165"]

1.e4 c5 2.c3 Nf6 3.e5 Nd5 4.Nf3 Nc6 5.Bc4 e6 6.O-O d6 7.exd6 Bxd6 8.d4 O-O
9.Nbd2 cxd4 10.cxd4 Nf6 11.Qe2 Be7 12.Nb3 b6 13.Be3 Bb7 14.Rac1 Nd5 15.Nbd2 Rc8
16.a3 Nf6 17.Rfd1 Qd6 18.Ba2 Rfd8 19.Nc4 Qb8 20.b4 Bf8 21.Bg5 Ne7 22.Nce5 Ned5
23.Qd3 h6 24.Be3 Nxe3 25.fxe3 Be4 26.Qe2 Qb7 27.Bc4 Qb8 28.Nd2 Bb7 29.Rf1 Bd6
30.Ndf3 Be4 31.Qf2 b5 32.Bb3 a6 33.h3 Rxc1 34.Rxc1 Rc8 35.Qb2 Rc7 36.Rf1 Qc8
37.Nd2 Bc2 38.Rc1 Bf5 39.Rxc7 Qxc7 40.Nef3 Ne4 41.Nxe4 Bxe4 42.Nd2 Qc6 43.Nxe4 Qxe4
44.Qc1 g6 45.Bd1 Qh4 46.Bf3 Qg3 47.Kf1 Be7 48.Qe1 Qc7 49.Qd2 Bh4 50.Ke2 Qc4+
51.Qd3 Qc1 52.Qd2 Qxa3 53.d5 exd5 54.Bxd5 Be7 55.Qc2 Qxb4 56.Qxg6+ Kh8 57.Qxh6+ Kg8
58.Qg6+ Kh8 59.Qh5+ Kg7 60.Qxf7+ Kh6 61.Qe6+ Kg7 62.Qg8+ Kh6 63.Qe6+ Kg7
64.Qxa6 Qb2+ 65.Kf3 Qb1 66.Qe6 Qf1+ 67.Kg3 Bf6 68.Qg8+ Kh6 69.Qf8+ Kg6 70.Be4+ Kh5
71.Qf7+  1-0

[Event "Olympiad"]
[Site "Bled SLO"]
[Date "2002.11.01"]
[Round "7"]
[White "Brynell,S"]
[Black "Rohl,J"]
[Result "1/2-1/2"]
[WhiteElo "2524"]
[BlackElo "2379"]

1.e4 c5 2.c3 Nf6 3.e5 Nd5 4.d4 cxd4 5.Nf3 e6 6.cxd4 d6 7.Bc4 Nb6 8.Bd3 Bd7
9.O-O Bc6 10.Nc3 N8d7 11.Bc2 Qc7 12.Re1 dxe5 13.dxe5 Nd5 14.Bd2 Nxc3 15.Bxc3 Nb6
16.Nd4 Nd5 17.Bd2 Bd7 18.Bb3 Bc5 19.Nf5 exf5 20.Bxd5 O-O 21.Qf3 Be6 22.Bc3 Bxd5
23.Qxd5 Rfe8 24.e6 fxe6 25.Rxe6 Rxe6 26.Qxe6+ Qf7 27.Qe5 Bf8 28.Rd1 Re8 29.Qa5 a6
30.h3 h6 31.Qa4 Re4 32.Qa5 Re8 33.a3 Kh7 34.Rd3 Re6 35.Rf3 b5 36.Qd8 Rd6
37.Qc8 Rd1+ 38.Kh2 Bd6+ 39.g3 f4 40.Kg2 Qg6 41.Qg4 fxg3 42.Qxg6+ Kxg6 43.fxg3 Be7
44.Kf2 Bf6 45.Ke2 Rd6 46.Re3 Bxc3 47.Rxc3 Kf5 48.Ke3 Ke6 49.b4 Kd7 50.Rc5 Rd1
51.Ke4 Rg1 52.Rc3 Rf1 53.h4 Kd6 54.h5 Rf8 55.Rc5 Rf1 56.Rd5+ Ke6 57.Rd3 Re1+
58.Kd4 Rc1 59.Ke4  1/2-1/2

[Event "Olympiad"]
[Site "Bled SLO"]
[Date "2002.11.01"]
[Round "7"]
[White "Emms,J"]
[Black "Nijboer,F"]
[Result "1/2-1/2"]
[WhiteElo "2520"]
[BlackElo "2556"]

1.e4 c5 2.c3 Nf6 3.e5 Nd5 4.d4 cxd4 5.Nf3 Nc6 6.cxd4 d6 7.Bc4 Nb6 8.Bb5 e6
9.Nc3 Be7 10.O-O O-O 11.Qe2 d5 12.Bd3 Bd7 13.Be3 Rc8 14.Rad1 Nb4 15.Bb1 Nc4
16.Bc1 a5 17.g3 a4 18.a3 Na6 19.Qd3 g6 20.Nd2 Nxd2 21.Qxd2 b5 22.h4 f5 23.exf6 Bxf6
24.h5 gxh5 25.Qh6 Qe7 26.Qxh5 Qf7 27.Qh6 Qg7 28.Qh5 Qf7 29.Qe2 Rc4 30.Kg2 e5
31.dxe5 d4 32.exf6 dxc3 33.Ba2 Nc5 34.Bxc4 bxc4 35.Rxd7 Nxd7 36.bxc3 Nxf6
37.Rd1 Re8 38.Qf3 Ne4 39.Qg4+ Qg6 40.Qxg6+ hxg6 41.Rd4 Nxc3 42.Rxc4 Nd5 43.Rxa4 Rc8
44.Bg5 Kf7 45.Ra6 Rc5 46.f4 Rc3 47.Kh3 Ne3 48.a4 Rc1 49.g4 Rc3 50.a5 Ra3
51.Ra7+ Ke6 52.a6 Kd5 53.Kg3 Nf5+ 54.Kf2 Ra2+ 55.Kf3 Nd4+ 56.Kg3 Ra3+ 57.Kf2 Ra2+
58.Ke3 Nc2+ 59.Kd3 Nb4+ 60.Kc3 Nxa6 61.Rg7 Nc5 62.Rxg6 Ra3+ 63.Kc2 Ra2+ 64.Kc3 Ra3+
65.Kb2 Rg3 66.Bh6 Kc4 67.f5 Rg2+ 68.Kb1 Ne4 69.Bg7 Rg1+ 70.Kc2 Rg2+ 71.Kd1 Kd3
72.Kc1 Rc2+ 73.Kb1 Nd2+ 74.Ka1 Nb3+ 75.Kb1 Nd2+  1/2-1/2

[Event "Olympiad"]
[Site "Bled SLO"]
[Date "2002.11.01"]
[Round "7"]
[White "Van Beers,E"]
[Black "Ferrufino,B"]
[Result "1-0"]
[WhiteElo "2331"]
[BlackElo "2186"]

1.e4 c5 2.c3 Nf6 3.e5 Nd5 4.d4 cxd4 5.Nf3 Nc6 6.Bc4 Nb6 7.Bb3 g6 8.Ng5 d5
9.exd6 e6 10.Qf3 Ne5 11.Qe4 Qxd6 12.O-O Bg7 13.Rd1 Nc6 14.cxd4 h6 15.Nf3 Na5
16.Bf4 Qd8 17.Bc2 O-O 18.Nc3 Nd5 19.Bg3 Nc4 20.Bb3 Nf6 21.Qe2 Na5 22.Bc2 b6
23.Re1 Bb7 24.Rad1 Rc8 25.Ne5 Nc6 26.Bb3 Nxe5 27.dxe5 Nd7 28.Ba4 Bc6 29.Bxc6 Rxc6
30.Qd3 Rc7 31.Nb5 Rb7 32.Nd6 Nc5 33.Qe2 Rd7 34.b4 Na4 35.Qc2 Nc3 36.Qxc3 Rxd6
37.Rxd6 Qxd6 38.exd6 Bxc3 39.Rc1 Bf6 40.d7 Rd8 41.Rc7 Kf8 42.Bd6+ Be7 43.Rc8 Kg7
44.Bxe7 Rxd7 45.Bf8+ Kf6 46.Kf1 Rd2 47.Bxh6 Rxa2 48.Be3 a5 49.Ra8 Ra1+ 50.Ke2 Rb1
51.bxa5  1-0

[Event "6th Corsica Masters"]
[Site "Bastia FRA"]
[Date "2002.11.02"]
[Round "2.3"]
[White "Kazhgaleyev,M"]
[Black "Shirov,A"]
[Result "1/2-1/2"]
[WhiteElo "2604"]
[BlackElo "2699"]

1.e4 c5 2.c3 Nf6 3.e5 Nd5 4.Nf3 Nc6 5.Bc4 Nb6 6.Bb3 d5 7.exd6 Qxd6 8.Na3 Be6
9.d4 Bxb3 10.Qxb3 cxd4 11.Nb5 Qd7 12.Nbxd4 Nxd4 13.Nxd4 e5 14.Nf3 Bd6 15.O-O O-O
16.Be3 Qc6 17.Bxb6 axb6 18.Rfe1 Rae8 19.Rad1 Re7 20.Qd5 Bc7 21.Qxc6 bxc6
22.Nd4 c5 23.Nf5 Re6 24.Rd7 Bd8 25.Red1 Bg5 26.h4 g6 27.hxg5 gxf5 28.R1d6 Rfe8
29.Kf1 Kg7 30.Ke2 Kg6 31.Rxe6+ Rxe6 32.a4 f4 33.b4 cxb4 34.cxb4 e4 35.b5 Kxg5
36.Rxf7 h5 37.Rc7 Re8 38.Rc6 Ra8 39.Rxb6 Rxa4 40.Rb8 Ra2+ 41.Ke1 Ra1+ 42.Kd2 Ra2+
43.Kc3 e3 44.fxe3 fxe3 45.b6 e2 46.Re8 Ra6 47.Kd2  1/2-1/2

[Event "6th Corsica Masters"]
[Site "Bastia FRA"]
[Date "2002.11.02"]
[Round "2.2"]
[White "Kazhgaleyev,M"]
[Black "Shirov,A"]
[Result "1/2-1/2"]
[WhiteElo "2604"]
[BlackElo "2699"]

1.e4 c5 2.c3 Nf6 3.e5 Nd5 4.Nf3 Nc6 5.Bc4 Nb6 6.Bb3 d5 7.exd6 Qxd6 8.Na3 Be6
9.d4 Bxb3 10.Qxb3 cxd4 11.Nb5 Qd7 12.Nbxd4 Nxd4 13.Nxd4 e5 14.Nf3 Bd6 15.Be3 Qc6
16.Bxb6 Qxb6 17.Qxb6 axb6 18.O-O-O Ke7 19.Rhe1 Rxa2 20.Nxe5 Ra1+ 21.Kc2 Rxd1
22.Kxd1 Bxe5 23.Rxe5+ Kd6 24.Rf5  1/2-1/2

[Event "Olympiad"]
[Site "Bled SLO"]
[Date "2002.11.02"]
[Round "8"]
[White "Van Beers,E"]
[Black "Ekstroem,R"]
[Result "1/2-1/2"]
[WhiteElo "2331"]
[BlackElo "2478"]

1.e4 c5 2.c3 Nf6 3.e5 Nd5 4.d4 cxd4 5.Nf3 Nc6 6.Bc4 Nb6 7.Bb3 g6 8.Ng5 d5
9.exd6 e6 10.Qf3 Ne5 11.Qe4 Bg7 12.cxd4 Nec4 13.Nf3 Nxd6 14.Qe2 Nf5 15.Bg5 Nxd4
16.Bxd8 Nxe2 17.Bxb6 axb6 18.Kxe2 Bxb2 19.Nbd2 Bxa1 20.Rxa1 Bd7 21.Nc4 Bb5
22.Nd4 Bxc4+ 23.Bxc4 Ke7 24.Bb3 Rhd8 25.Rd1 Ra5 26.Nf3 Rxd1 27.Kxd1 Rc5 28.Ke2 g5
29.h3 h6 30.Nd2 f5 31.Nc4 b5 32.Nb2 Kd6 33.Nd3 Rc8  1/2-1/2

[Event "Olympiad"]
[Site "Bled SLO"]
[Date "2002.11.02"]
[Round "8"]
[White "Antonio,R"]
[Black "Galego,L"]
[Result "1/2-1/2"]
[WhiteElo "2507"]
[BlackElo "2506"]

1.e4 c5 2.c3 Nf6 3.e5 Nd5 4.d4 e6 5.Bc4 d6 6.Nf3 Nc6 7.O-O dxe5 8.dxe5 Nb6
9.Qe2 Nxc4 10.Qxc4 b6 11.Qe2 Bb7 12.Rd1 Qc8 13.Na3 h6 14.Nd2 Ne7 15.Ne4 Ng6
16.Nb5 Qc6 17.f3 Be7 18.Ned6+ Kf8 19.Nxb7 Qxb7 20.g3 Kg8 21.h4 h5 22.f4 a6
23.Nd6 Bxd6 24.exd6 Rd8 25.Be3 Qe4 26.Rd2 e5 27.Rad1 Rd7 28.Qf2 exf4 29.Bxf4 Nxf4
30.Qxf4 Qxf4 31.gxf4 Rh6 32.Kf2 Rf6 33.Kf3 g6 34.Rd5 Kf8 35.a3 Re6 36.b4 cxb4
37.axb4 b5 38.R1d4 f5 39.Rd1 Kf7 40.R5d4 Kf6 41.Rd5 Kf7 42.R1d2 Kf6  1/2-1/2

[Event "Olympiad"]
[Site "Bled SLO"]
[Date "2002.11.02"]
[Round "8"]
[White "Megaranto,S"]
[Black "Esplana,C"]
[Result "0-1"]
[WhiteElo "2420"]
[BlackElo "2352"]

1.e4 c5 2.c3 Nf6 3.e5 Nd5 4.d4 cxd4 5.Nf3 e6 6.cxd4 d6 7.Nc3 Nxc3 8.bxc3 Qc7
9.Bd2 Nd7 10.exd6 Bxd6 11.Bd3 b6 12.O-O Bb7 13.Re1 O-O 14.h3 Rac8 15.Rc1 Bf4
16.Be4 Bxd2 17.Qxd2 Bxe4 18.Rxe4 Qc4 19.Rg4 f6 20.d5 Qc7 21.Nd4 Nc5 22.dxe6 f5
23.Rh4 Qd8 24.g3 Nxe6 25.Re1 Ng5 26.Qc2 Qd7 27.Re3 Nxh3+ 28.Kg2 Ng5 29.Qb3+ Kh8
30.f4 Ne4 31.g4 fxg4 32.Qe6 Nf6 33.Qxd7 Nxd7 34.Ne6 Rfe8 35.Rxg4 Nc5 36.f5 g6
37.Rgg3 Nxe6 38.Rxe6 Rxe6 39.fxe6 Re8 40.Rd3 Rxe6 41.Rd8+ Kg7 42.Rd7+ Kh6
43.Rxa7 Rc6 44.Ra3 Kg5 45.Rb3 h5 46.a4 Kh6 47.Rb5 g5 48.c4 h4 49.Kf3 Kh5
50.Rb4 Rd6 51.Rb5 Rd4 52.Rxb6 Rxc4 53.a5 g4+ 54.Kg2 Rc2+ 55.Kg1 g3 56.a6 Kg4
57.Rb4+ Kh3 58.Rb1 Ra2 59.a7 Rxa7 60.Rc1 Ra4 61.Rb1 Kg4 62.Rb8 h3 63.Rg8+ Kf3
64.Rf8+ Rf4 65.Rh8 h2+ 66.Kh1 g2+ 67.Kxh2 Kf2  0-1

[Event "Olympiad w"]
[Site "Bled SLO"]
[Date "2002.11.04"]
[Round "9"]
[White "Richards,H"]
[Black "Agababean,N"]
[Result "0-1"]
[WhiteElo "2264"]
[BlackElo "2353"]

1.e4 c5 2.c3 Nf6 3.e5 Nd5 4.Nf3 Nc6 5.Bc4 e6 6.d4 cxd4 7.cxd4 d6 8.O-O Be7
9.Qe2 O-O 10.Qe4 Kh8 11.Bd3 f5 12.exf6 Nxf6 13.Qe2 e5 14.h3 e4 15.Bxe4 Nxe4
16.Qxe4 Bf5 17.Qe2 Nb4 18.Ne1 Bf6 19.Qb5 Bxb1 20.Rxb1 Nc6 21.d5 Nd4 22.Qd3 Qa5
23.Be3 Qxa2 24.g4 Nb3 25.Ng2 Rae8 26.g5 Bd8 27.Qc4 b5 28.Qxb5 Nc5 29.Bxc5 dxc5
30.Rfd1 a6 31.Qxc5 Qb3 32.Qc3 Qb6 33.Qg3 Re2 34.Nf4 Rc2 35.Rf1 Bc7 36.Qe3 Qd6
37.h4 Rxf4 38.Rfe1 Re4 39.Qh3 Rce2 40.Rxe2 Rxe2 41.Rc1 h6 42.Qc8+ Bd8 43.Qg4 Re8
44.gxh6 Qxh6 45.Rc4 Rf8 46.Kg2 Bb6 47.Rc2 Rf4 48.Qc8+ Kh7 49.Qc6 Rf6 50.Qc4 Qg6+
51.Kf1 Qf5 52.Qe2 Qh3+ 53.Ke1 Ba5+  0-1

[Event "Olympiad w"]
[Site "Bled SLO"]
[Date "2002.11.04"]
[Round "9"]
[White "Lim Jean Nie"]
[Black "Mihevc,N"]
[Result "0-1"]
[WhiteElo "2165"]
[BlackElo "2114"]

1.e4 c5 2.c3 Nf6 3.e5 Nd5 4.d4 cxd4 5.Nf3 Nc6 6.cxd4 d6 7.Nc3 dxe5 8.dxe5 Ndb4
9.a3 Qxd1+ 10.Kxd1 Na6 11.b4 Bg4 12.Be2 O-O-O+ 13.Ke1 Nc7 14.Ng5 Bxe2 15.Kxe2 Nd4+
16.Kf1 Ndb5 17.Nxf7 Nxc3 18.Nxd8 Kxd8 19.Be3 b6 20.Rc1 N3d5 21.Ke2 e6 22.Rhd1 Be7
23.Rc4 Kd7 24.Rg4 g6 25.a4 Ke8 26.Rc1 Kd7 27.a5 Nxe3 28.fxe3 Nd5 29.Rd4 Rc8
30.Rxc8 Kxc8 31.axb6 axb6 32.Rc4+ Kd7 33.b5 Nc7 34.Rc1 Nxb5 35.Rd1+ Kc6 36.Rc1+ Kd5
37.Kd3 Bc5 38.Rf1 Kxe5 39.Rf7 h5 40.Rg7 Kf6 41.Rg8 Nd6 42.e4 Nf7 43.Rb8 Ne5+
44.Kc3 Ng4 45.h3 Nf2 46.Kc4 Nxe4 47.Rd8 Nd6+ 48.Kd3 e5 49.Rf8+ Ke6 50.Rg8 Kf7
51.Rd8 e4+ 52.Ke2 Nf5 53.g4 hxg4 54.hxg4 Nd6 55.Rh8 Kf6 56.Rf8+ Kg5 57.Rg8 Nc4
58.Re8 Kf4 59.g5 Nd6 60.Rf8+ Kxg5 61.Rg8 Kf5 62.Rf8+ Kg4 63.Rg8 g5 64.Rf8 Nf5
65.Re8 Ng3+ 66.Ke1 e3 67.Kd1 e2+  0-1

[Event "Olympiad"]
[Site "Bled SLO"]
[Date "2002.11.04"]
[Round "9"]
[White "Rozentalis,E"]
[Black "Kozul,Z"]
[Result "0-1"]
[WhiteElo "2563"]
[BlackElo "2565"]

1.e4 c5 2.c3 Nf6 3.e5 Nd5 4.Nf3 Nc6 5.Bc4 e6 6.O-O d6 7.d4 cxd4 8.cxd4 Be7
9.Qe2 O-O 10.Re1 a6 11.Nc3 dxe5 12.dxe5 Nxc3 13.bxc3 Qa5 14.Bd3 Qxc3 15.Bg5 Bxg5
16.Bxh7+ Kxh7 17.Nxg5+ Kg6 18.Qe4+ f5 19.Qh4 Nxe5 20.Rac1 Qd2 21.Nh3 Ng4
22.Red1 Qh6 23.Qe7 Rf7 24.Qd8 Rd7 25.Qe8+ Kh7 26.f4 Nf6 27.Qf8 Rxd1+ 28.Rxd1 Ne4
29.Ng5+ Nxg5 30.fxg5 Qxg5 31.Rd8 Bd7  0-1

[Event "Olympiad"]
[Site "Bled SLO"]
[Date "2002.11.04"]
[Round "9"]
[White "Vajda,L"]
[Black "Avrukh,B"]
[Result "1-0"]
[WhiteElo "2576"]
[BlackElo "2595"]

1.e4 c5 2.c3 Nf6 3.e5 Nd5 4.d4 cxd4 5.Nf3 Nc6 6.Bc4 e6 7.cxd4 d6 8.O-O Be7
9.Qe2 O-O 10.Nc3 dxe5 11.dxe5 Nxc3 12.bxc3 Qa5 13.Bd2 Rd8 14.Bd3 Qa4 15.Rfc1 Bd7
16.Rab1 Rab8 17.Bc2 Qa3 18.h4 Be8 19.h5 Qxa2 20.c4 g6 21.Qe4 Rxd2 22.Nxd2 Nb4
23.c5 a5 24.Ra1 Bc6 25.Qf4 Qd5 26.Nf3 Nxc2 27.Rxc2 Bxc5 28.Qf6 Bb4 29.h6 Bf8
30.Rd2 Qc5 31.Rad1 Bd5 32.Qf4 Qc7 33.Nd4 b5 34.Rc2 Qb6 35.Nf5 Rd8 36.Ne3 b4
37.Qf6 b3 38.Nxd5 Rxd5 39.Rc8 Rxd1+ 40.Kh2 Rd8 41.Rxd8 Qxd8 42.Qxd8 b2 43.Qb8  1-0

[Event "Olympiad w"]
[Site "Bled SLO"]
[Date "2002.11.05"]
[Round "10"]
[White "Paridar,S"]
[Black "Heinatz,G"]
[Result "1/2-1/2"]
[WhiteElo "2132"]
[BlackElo "2232"]

1.e4 c5 2.c3 Nf6 3.e5 Nd5 4.Nf3 Nc6 5.Bc4 Nb6 6.Bb3 c4 7.Bc2 Qc7 8.Qe2 g5
9.e6 dxe6 10.Nxg5 Qe5 11.d3 Qxe2+ 12.Kxe2 h6 13.Nf3 cxd3+ 14.Bxd3 e5 15.Na3 f5
16.Bb5 Bg7 17.Be3 Nd5 18.Nc4 e4 19.Nfe5 Bd7 20.Nxd7 Kxd7 21.Rhd1 Ke6 22.Ba4 Rhd8
23.Bb3 f4 24.Bxa7 Nxc3+ 25.bxc3 Rxa7 26.Nd6+ Kf6 27.Nxe4+ Kg6 28.Rxd8 Nxd8
29.Rd1 Nc6 30.Rd7 Bf6 31.f3 h5 32.Kd2 Bh4 33.Nc5 Bf2 34.Nd3 Be3+ 35.Ke2 h4
36.g3 hxg3 37.hxg3 e5 38.Rf7 Kg5 39.g4 Kg6 40.Rf5 Ra5 41.Rf7 Rb5 42.Rd7 Rb6
43.Rd5 Kf6 44.Rd6+ Kg7 45.Re6 Rb5 46.Ba4 Ra5 47.Bb3 Rb5 48.Rd6 Rb6 49.Nb2 Nd4+
50.cxd4 Rxd6 51.Nc4 Rxd4 52.Nxe3 fxe3 53.Kxe3 Kf6 54.Bg8 b5 55.Bb3 Rd8 56.Ke2 Rc8
57.Kd2 Kg5 58.Ke3 Rc1 59.Bd5 Rd1 60.Bb3 Re1+ 61.Kd2 Rg1 62.Kc3 Kf4  1/2-1/2

[Event "Olympiad"]
[Site "Bled SLO"]
[Date "2002.11.07"]
[Round "12"]
[White "Vajda,L"]
[Black "Olafsson,H"]
[Result "0-1"]
[WhiteElo "2576"]
[BlackElo "2476"]

1.e4 c5 2.c3 Nf6 3.e5 Nd5 4.d4 cxd4 5.Nf3 Nc6 6.cxd4 d6 7.Bc4 Nb6 8.Bb5 dxe5
9.Nxe5 Bd7 10.Bxc6 Bxc6 11.Nxc6 bxc6 12.O-O e6 13.Be3 Be7 14.Nd2 O-O 15.Rc1 Qd5
16.b3 Rfd8 17.Qe2 Qb5 18.Qf3 Nd5 19.Rc4 a5 20.a4 Qb7 21.g3 Bb4 22.Ne4 Ra6
23.Bg5 Rb8 24.Bf4 Rd8 25.Rb1 Rb6 26.Be5 Bf8 27.g4 f6 28.Bg3 Rb4 29.Rxb4 Qxb4
30.Rd1 Nb6 31.g5 f5 32.Nc3 c5 33.Nb5 Nd5 34.dxc5 Qxc5 35.Nc7 Qc6 36.Qh1 Nf4  0-1

[Event "Last Autumn GM"]
[Site "Tel Aviv ISR"]
[Date "2002.11.07"]
[Round "6"]
[White "Erenburg,S"]
[Black "Gerzhoy,L"]
[Result "1-0"]
[WhiteElo "2494"]
[BlackElo "2389"]

1.e4 c5 2.c3 Nf6 3.e5 Nd5 4.d4 cxd4 5.Nf3 Nc6 6.Bc4 e6 7.cxd4 d6 8.O-O Be7
9.Qe2 O-O 10.Qe4 b6 11.Nc3 Nxc3 12.Qxc6 Bd7 13.Qb7 Bb5 14.Bxb5 Nxb5 15.Bf4 dxe5
16.dxe5 Rb8 17.Qa6 Nc7 18.Qxa7 Nd5 19.Qa4 Ra8 20.Qe4 b5 21.Bd2 Qd7 22.a3 Ra4
23.Qd3 Qb7 24.Rac1 Rd8 25.Qc2 Rc4 26.Qb3 Qa6 27.Rxc4 bxc4 28.Qc2 Rc8 29.Bc1 c3
30.b4 Qc4 31.Rd1 Qg4 32.Rd4 Qg6 33.Ne1 Qh5 34.Nf3 Qg6 35.Qxg6 hxg6 36.Kf1 c2
37.Ke2 Bd8 38.Kd3 Rc3+ 39.Kd2 Rc8 40.Rd3 Bb6 41.Ne1 Nf4 42.Rc3 Rd8+ 43.Kxc2 Ne2
44.Rc4 Bxf2 45.Nf3 Bb6 46.a4 Nd4+ 47.Nxd4 Bxd4 48.Bb2  1-0

[Event "Olympiad"]
[Site "Bled SLO"]
[Date "2002.11.08"]
[Round "13"]
[White "Vajda,L"]
[Black "Henao,R"]
[Result "1-0"]
[WhiteElo "2576"]
[BlackElo "2384"]

1.e4 c5 2.c3 Nf6 3.e5 Nd5 4.d4 cxd4 5.Nf3 d6 6.cxd4 e6 7.Bc4 Bd7 8.O-O Bc6
9.Nc3 Nxc3 10.bxc3 Be7 11.exd6 Qxd6 12.Ne5 O-O 13.Bf4 Qd8 14.Re1 Nd7 15.Nxc6 bxc6
16.Bd3 Qa5 17.Qf3 Rac8 18.Rab1 Bf6 19.Rb7 Rfd8 20.Kf1 Qxa2 21.Bc7 Re8 22.Qxc6 Nf8
23.Qf3 Ng6 24.Bb5 Nh4 25.Qe4 Rf8 26.Bd3 Ng6 27.c4 a5 28.c5 Qd2 29.Bd6 Rfd8
30.Rxf7 Rxd6 31.Rxf6 gxf6 32.cxd6 Nf8 33.g3 Rd8 34.Qg4+ Kh8 35.Qf3 Kg7 36.Qg4+ Kh8
37.Re3 Qb4 38.Qh4 Kg7 39.Rf3 Qxd6 40.Qxf6+ Kg8 41.Rf4  1-0

[Event "Olympiad w"]
[Site "Bled SLO"]
[Date "2002.11.10"]
[Round "14"]
[White "Paridar,S"]
[Black "Popova,N"]
[Result "1/2-1/2"]
[WhiteElo "2132"]
[BlackElo "2247"]

1.e4 c5 2.c3 Nf6 3.e5 Nd5 4.d4 cxd4 5.Nf3 e6 6.cxd4 d6 7.Nc3 Nxc3 8.bxc3 Qc7
9.Bd2 Nd7 10.exd6 Bxd6 11.Bd3 O-O 12.O-O b6 13.Re1 Bb7 14.h3 Bf4 15.Bxf4 Qxf4
16.Ne5 Nxe5 17.Rxe5 Rfd8 18.Qc2 g6 19.Rae1 Rac8 20.Qb2 Rd5 21.a4 Rxe5 22.Rxe5 Bd5
23.Ba6 Rd8 24.Bd3 Rc8 25.Ba6  1/2-1/2

[Event "Olympiad w"]
[Site "Bled SLO"]
[Date "2002.11.10"]
[Round "14"]
[White "Richards,H"]
[Black "Borulya,E"]
[Result "1/2-1/2"]
[WhiteElo "2264"]
[BlackElo "2348"]

1.e4 c5 2.c3 Nf6 3.e5 Nd5 4.Nf3 e6 5.d4 cxd4 6.cxd4 b6 7.Nc3 Nxc3 8.bxc3 Qc7
9.Bd2 d6 10.Bd3 Nd7 11.Ng5 Bb7 12.O-O dxe5 13.Qh5 g6 14.Qh3 e4 15.Rae1 Be7
16.Bxe4 Bxg5 17.Bxg5 O-O 18.Re3 Rfe8 19.Qh6 f5 20.Bxb7 Qxb7 21.Rfe1 Nf8 22.Bf6 Qf7
23.Be5 Rac8 24.h4 Nd7 25.Rg3 Nxe5 26.Rxe5 Qg7 27.Qe3 Kf7 28.Qf4 Re7 29.d5 Rce8
30.Qd4 exd5 31.Rxf5+ Kg8 32.Qxd5+ Kh8 33.Rf4 Qe5 34.Qf3 Rc7 35.h5 Kg7 36.Qg4 Rxc3
37.hxg6 Rxg3 38.Rf7+ Kg8 39.fxg3 Qe3+ 40.Kh2 Qh6+ 41.Qh4 Qxg6 42.Rxa7 Rf8
43.Qc4+ Kh8 44.Qd4+ Kg8 45.Qc4+ Kh8 46.Qd4+ Kg8 47.g4 Qg5 48.Qc4+ Kh8 49.Qd4+ Kg8
50.Qc4+ Kh8 51.Qd4+ Kg8 52.Qc4+  1/2-1/2

[Event "Olympiad"]
[Site "Bled SLO"]
[Date "2002.11.10"]
[Round "14"]
[White "Pavasovic,D"]
[Black "Esplana,C"]
[Result "1-0"]
[WhiteElo "2581"]
[BlackElo "2352"]

1.e4 c5 2.c3 Nf6 3.e5 Nd5 4.Nf3 e6 5.Bc4 d6 6.d4 cxd4 7.cxd4 Nd7 8.O-O N7b6
9.Bb3 Bd7 10.Ng5 dxe5 11.dxe5 h6 12.Ne4 Bc6 13.Qg4 h5 14.Qe2 Be7 15.Nbc3 Qc7
16.f4 g6 17.Bd2 O-O 18.Rac1 Rfd8 19.Nb5 Bxb5 20.Qxb5 Qd7 21.Qe2 Rac8 22.Rcd1 Qc7
23.Kh1 Qc6 24.Ba5 Rd7 25.Bd2 Rdd8 26.Ra1 Na4 27.Rac1 Qd7 28.Bxd5 Qxd5 29.Bb4 Rxc1
30.Rxc1 Qd7 31.Bd6 Rc8 32.Rd1 Kg7 33.h3 Qe8 34.Nf6 Bxf6 35.exf6+ Kh7 36.Be5 Nb6
37.g4 Qc6+ 38.Kg1 Qc2 39.Rd2 Qc4 40.gxh5 Qxe2 41.hxg6+ Kxg6 42.Rxe2 Rc1+
43.Kh2 Rd1 44.Rg2+ Kh6 45.f5 exf5 46.Bf4+ Kh5 47.Rg5+ Kh4 48.Rg7 Kh5 49.Rh7+  1-0

[Event "Olympiad w"]
[Site "Bled SLO"]
[Date "2002.11.10"]
[Round "14"]
[White "Hallaeva,B"]
[Black "Fakhiridou,E"]
[Result "0-1"]
[WhiteElo "2163"]
[BlackElo "2313"]

1.e4 c5 2.c3 Nf6 3.e5 Nd5 4.d4 cxd4 5.Nf3 Nc6 6.cxd4 d6 7.exd6 Qxd6 8.Nc3 Bf5
9.a3 e6 10.Bb5 Be7 11.Ne5 O-O 12.Nc4 Qd8 13.Ne3 Nxc3 14.bxc3 Qa5 15.Bxc6 Qxc3+
16.Bd2 Qxc6 17.Nxf5 exf5 18.O-O Qd5 19.Be3 Rac8 20.Re1 Bd6 21.Qh5 Rfe8 22.Red1 Rc2
23.Rd3 Rec8 24.Bd2 Qe4 25.Rh3 f4 26.Qa5 Qxd4  0-1

[Event "WYg18"]
[Site "Heraklio GRE"]
[Date "2002.11.15"]
[Round "1"]
[White "Priya,P"]
[Black "Zhao Xue"]
[Result "0-1"]
[WhiteElo "2106"]
[BlackElo "2367"]

1.e4 c5 2.c3 Nf6 3.e5 Nd5 4.d4 cxd4 5.Nf3 e6 6.cxd4 d6 7.Nc3 Nxc3 8.bxc3 Qc7
9.Bd2 Nd7 10.exd6 Bxd6 11.Bd3 b6 12.O-O Bb7 13.h3 O-O 14.Re1 Rac8 15.Qe2 Bf4
16.Bxf4 Qxf4 17.Rac1 Rfd8 18.Qe3 Qxe3 19.fxe3 Rc7 20.Red1 g6 21.Kf2 Rdc8
22.c4 Ba6 23.Nd2 e5 24.Ne4 Rd8 25.Be2 Kg7 26.dxe5 Rf8 27.Nd6 Nxe5 28.Rd5 Nd7
29.Rcd1 Nc5 30.Re5 Kg8 31.Bf3 Rd8 32.Nf5 Rcd7 33.Ne7+ Kf8 34.Rxd7 Rxd7 35.Nxg6+ hxg6
36.Be2 Bb7 37.g4 f6  0-1

[Event "It"]
[Site "Torino ITA"]
[Date "2002.11.17"]
[Round "2"]
[White "Blauert,J"]
[Black "Piscopo,P"]
[Result "1-0"]
[WhiteElo "2418"]
[BlackElo "2272"]

1.e4 c5 2.c3 Nf6 3.e5 Nd5 4.d4 cxd4 5.Nf3 Nc6 6.cxd4 d6 7.Bc4 e6 8.O-O Be7
9.exd6 Qxd6 10.Nc3 O-O 11.Re1 Nf6 12.Bg5 Rd8 13.Nb5 Qb8 14.Bh4 Nh5 15.d5 Bxh4
16.Nxh4 Ne5 17.Qxh5 Nxc4 18.Rac1 exd5 19.b3 a6 20.Nd4 Qf4 21.Qxd5 Qxh4 22.Qxc4 h6
23.Nf3 Qxc4 24.Rxc4 Be6 25.Rc7 Rd7 26.Rec1 Rxc7 27.Rxc7 Rc8 28.Rxc8+ Bxc8
29.Kf1 Kf8 30.Ke2 Bg4 31.Ke3 Bxf3 32.Kxf3 Ke7 33.Ke4 Ke6 34.f4 f5+ 35.Kd4 Kd6
36.a3 b6 37.b4 h5 38.g3 g6 39.a4 a5 40.bxa5 bxa5 41.Kc4 Kc6 42.h4 Kd6 43.Kb5 Kd5
44.Kxa5 Ke4 45.Kb4 Kf3 46.a5 Kxg3 47.a6 Kxh4 48.a7 Kg4 49.a8=Q Kxf4 50.Kc3 g5
51.Kd3 g4 52.Ke2 h4 53.Kf2  1-0

[Event "WYb14"]
[Site "Heraklio GRE"]
[Date "2002.11.19"]
[Round "6"]
[White "Malinovsky,K"]
[Black "Rohit,G"]
[Result "0-1"]
[WhiteElo "2179"]
[BlackElo "2319"]

1.e4 c5 2.c3 Nf6 3.e5 Nd5 4.d4 cxd4 5.Qxd4 e6 6.Nf3 Nc6 7.Qe4 f5 8.Qe2 Qc7
9.Nbd2 b6 10.g3 a5 11.Bg2 Ba6 12.c4 Ncb4 13.O-O Rc8 14.a3 Nc2 15.Rb1 Bxc4
16.Nxc4 Qxc4 17.Qxc4 Rxc4 18.Rd1 Be7 19.Bf1 Rc5 20.Bf4 Kf7 21.Bd3 Rhc8 22.Rbc1 Nxf4
23.gxf4 Nd4 24.Ng5+ Bxg5 25.Rxc5 Rxc5 26.fxg5 Nf3+ 27.Kg2 Nxe5 28.f4 Ng6
29.Kf3 Rd5 30.Ke3 Ke7 31.b4 axb4 32.axb4 e5  0-1

[Event "WYg18"]
[Site "Heraklio GRE"]
[Date "2002.11.21"]
[Round "8"]
[White "Priya,P"]
[Black "Shukurova,M"]
[Result "0-1"]
[WhiteElo "2106"]
[BlackElo "2243"]

1.e4 c5 2.c3 Nf6 3.e5 Nd5 4.d4 cxd4 5.Nf3 e6 6.cxd4 d6 7.a3 Qc7 8.Bd3 Nd7
9.O-O g6 10.Re1 Bg7 11.Qe2 O-O 12.Bd2 dxe5 13.dxe5 Nc5 14.Bc4 b6 15.Nc3 Nxc3
16.Bxc3 Bb7 17.Bd4 Rfd8 18.Rad1 Nd7 19.Bb3 Rac8 20.Nd2 Nc5 21.Bxc5 Qxc5 22.h3 Rd4
23.Qe3 Rcd8 24.Nf3 Bxf3 25.gxf3 Rxd1 26.Rxd1 Rxd1+ 27.Bxd1 Qd5 28.Be2 Bxe5
29.b3 Bd4 30.Qf4 Qc5 31.Qh4 Kg7 32.a4 Qe5 33.Qe4 Qg3+ 34.Kh1 Qxh3+ 35.Kg1 Qg3+
36.Kh1 Qxf2 37.Qg4 Qe1+ 38.Kg2 Qxe2+ 39.Kh3 Qf1+ 40.Kh4 Bf2+ 41.Kg5 Qc1+  0-1

[Event "WYb14"]
[Site "Heraklio GRE"]
[Date "2002.11.21"]
[Round "8"]
[White "Ragger,M"]
[Black "Boros,De"]
[Result "1-0"]
[WhiteElo "2211"]
[BlackElo "2343"]

1.e4 c5 2.c3 Nf6 3.e5 Nd5 4.Nf3 Nc6 5.d4 cxd4 6.Bc4 Nb6 7.Bb3 d5 8.exd6 Qxd6
9.O-O Be6 10.Na3 dxc3 11.Qe2 Bxb3 12.Nb5 Qb8 13.axb3 g6 14.Rd1 Nc8 15.Qd3 Nd6
16.Qxc3 e5 17.Qd3 e4 18.Nxd6+ Bxd6 19.Qxe4+ Be7 20.Bh6 Qc7 21.Rac1 Rd8 22.Re1 Qd6
23.Ng5 Qf6 24.Rxc6 bxc6 25.Bg7 Qxg5 26.Qxc6+ Rd7 27.Bf6 Qd2 28.Rxe7+ Kf8
29.Bc3 Qd1+ 30.Re1 h5 31.Qc8+ Rd8 32.Rxd1 Rxc8 33.Bxh8 Rb8 34.Bf6 Ke8 35.b4 a6
36.Kf1  1-0

[Event "30th Ann"]
[Site "Taastrup DEN"]
[Date "2002.11.24"]
[Round "3"]
[White "Nohr,F"]
[Black "Pallesen,J"]
[Result "0-1"]
[WhiteElo "2157"]
[BlackElo "2071"]

1.e4 c5 2.c3 Nf6 3.e5 Nd5 4.d4 e6 5.Nf3 Nc6 6.c4 Ndb4 7.d5 exd5 8.cxd5 Nd4
9.Nxd4 cxd4 10.Bc4 Qc7 11.Na3 Qxe5+ 12.Qe2 Qxe2+ 13.Kxe2 a6 14.Re1 b5 15.Kf1+ Kd8
16.Bb3 Bd6 17.Bd2 Bb7 18.Rac1 Rc8 19.Rxc8+ Kxc8 20.Re4 Nxd5 21.Nxb5 axb5
22.Bxd5 Bxd5 23.Rxd4 Bc4+  0-1

[Event "40th Ann Open"]
[Site "Curacao AHO"]
[Date "2002.11.26"]
[Round "8"]
[White "Sequera,J"]
[Black "Loew,G"]
[Result "1-0"]
[WhiteElo "2378"]
[BlackElo "2268"]

1.e4 c5 2.c3 Nf6 3.e5 Nd5 4.g3 d6 5.exd6 e6 6.Bg2 Bxd6 7.Ne2 Nc6 8.d4 O-O
9.O-O cxd4 10.Nxd4 Nxd4 11.Qxd4 Qc7 12.Nd2 Bd7 13.Ne4 Be5 14.Qc5 Rfc8 15.Qxc7 Bxc7
16.Bd2 Bc6 17.c4 Nb6 18.b3 a5 19.a4 Nd7 20.Be3 Rd8 21.f4 h6 22.Rad1 f5 23.Nd6 Rab8
24.Rd3 Nf6 25.Rfd1 Rd7 26.Nb5 Bd8 27.Rxd7 Bxd7 28.Rd3 b6 29.Bd4 Be8 30.Be5  1-0

[Event "10th Ducale Open"]
[Site "Genova ITA"]
[Date "2002.11.26"]
[Round "2"]
[White "Di Lazzaro,G"]
[Black "Paragua,M"]
[Result "1/2-1/2"]
[WhiteElo "1985"]
[BlackElo "2476"]

1.e4 c5 2.c3 Nf6 3.e5 Nd5 4.d4 cxd4 5.Nf3 Nc6 6.cxd4 d6 7.Bc4 Nb6 8.Bb5 d5
9.O-O Bg4 10.h3 Bxf3 11.Qxf3 e6 12.Nc3 Be7 13.Qg3 g6 14.Bh6 Rg8 15.f4 Qd7
16.Bg5 Nc8 17.Rac1 Bf8 18.Na4 h6 19.Bf6 Nb6 20.Nxb6 axb6 21.Rc2 Qc7 22.Rfc1 Kd7
23.a4 Rc8 24.Bd3 Ke8 25.f5 Be7 26.Bxe7 Qxe7 27.f6 Qb4 28.Bb5 Qxd4+ 29.Kh2 Kd7
30.Kh1 Rc7 31.Qa3 Kc8 32.Bxc6 bxc6 33.Rxc6 Rxc6 34.Rxc6+ Kb7 35.Qd6 Qf2 36.Qd7+ Ka6
37.Qxf7 Rb8 38.Qxe6 Qf1+ 39.Kh2 Qf4+ 40.Kh1 Qf1+ 41.Kh2 Qf4+  1/2-1/2